Essentials of genetics. (2nd ed) (Record no. 31391)

MARC details
000 -LEADER
fixed length control field 00750nam a2200205 a 4500
008 - FIXED-LENGTH DATA ELEMENTS--GENERAL INFORMATION
fixed length control field 160601s1996 ||||||||||||||||| || u
010 ## - LIBRARY OF CONGRESS CONTROL NUMBER
LC control number 95040324
020 ## - INTERNATIONAL STANDARD BOOK NUMBER
International Standard Book Number 0133711471
050 ## - LIBRARY OF CONGRESS CALL NUMBER
Classification number QH 430 Klu
100 ## - MAIN ENTRY--PERSONAL NAME
Personal name Klug, William S
245 10 - TITLE STATEMENT
Title Essentials of genetics. (2nd ed)
Statement of responsibility, etc. William S. Klug, Michael R. Cummings
250 ## - EDITION STATEMENT
Edition statement 2nd ed.
260 ## - PUBLICATION, DISTRIBUTION, ETC.
Place of publication, distribution, etc. Upper Saddle River, N.J.
Name of publisher, distributor, etc. Prentice Hall
Date of publication, distribution, etc. 1996
300 ## - PHYSICAL DESCRIPTION
Extent xv, 560 p. : ill.
500 ## - GENERAL NOTE
General note Includes bibliographical references and index.
650 #0 - SUBJECT ADDED ENTRY--TOPICAL TERM
Topical term or geographic name entry element GENETICS
700 ## - ADDED ENTRY--PERSONAL NAME
Personal name Cummings, Michael R
995 ## -
-- MEDICAL LIBRARY OPEN ACCESS
-- 900033
-- CBU-SCHOOL OF MEDICINE LIBRARY (Ndola)
-- QH 430 Klu
-- 1
-- AVAILABLE
-- Jun 1, 2016
-- 900033
-- Medical Library Open Access Collection
999 ## -
-- 31391
-- 31391
Holdings
Withdrawn status Lost status Source of classification or shelving scheme Damaged status Not for loan Permanent Location Current Location Shelving location Date acquired Total Checkouts Full call number Barcode Date last seen Price effective from Koha item type
          CBU-SCHOOL OF MEDICINE LIBRARY, NDOLA. CBU-SCHOOL OF MEDICINE LIBRARY, NDOLA.   11/30/2022   QH 430 Klu 900033 11/30/2022 11/30/2022 MONOGRAPH